2024 NCAAW March Madness - Statistics

General Stats
  • This quiz has been taken 26 times
  • The average score is 33 of 64
Answer Stats
Seed Team % Correct
1 South Carolina Gamecocks
91%
3 UConn Huskies
91%
1 USC Trojans
91%
7 Duke Blue Devils
86%
4 Indiana Hoosiers
86%
1 Iowa Hawkeyes
86%
3 LSU Tigers
86%
8 North Carolina Tar Heels
86%
6 Tennessee Volunteers
86%
9 Florida State Seminoles
82%
9 Michigan State Spartans
82%
9 Michigan Wolverines
82%
1 Texas Longhorns
82%
2 UCLA Bruins
82%
6 Nebraska Cornhuskers
73%
8 Alabama Crimson Tide
68%
8 Kansas Jayhawks
68%
4 Kansas State Wildcats
68%
10 Maryland Terrapins
68%
2 Ohio State Buckeyes
68%
11 Arizona Wildcats
64%
5 Baylor Bears
64%
5 Colorado Buffaloes
64%
6 Louisville Cardinals
64%
3 Oregon State Beavers
64%
5 Utah Utes
64%
8 West Virginia Mountaineers
64%
7 Creighton Bluejays
59%
12 Drake Bulldogs
59%
7 Iowa State Cyclones
59%
5 Oklahoma Sooners
59%
7 Ole Miss Rebels
59%
9 Princeton Tigers
59%
12 Vanderbilt Commodores
59%
4 Virginia Tech Hokies
59%
2 Stanford Cardinal
55%
11 Texas A&M Aggies
55%
4 Gonzaga Bulldogs
50%
10 Marquette Golden Eagles
50%
3 North Carolina State Wolf Pack
50%
2 Notre Dame Fighting Irish
50%
10 UNLV Rebels
45%
12 FGCU Eagles
41%
16 Holy Cross Crusaders
36%
12 South Dakota State Jackrabbits
36%
6 Syracuse Orange
36%
15 Kent State Golden Flashes
27%
15 Maine Black Bears
27%
10 Richmond Spiders
27%
13 Fairfield Stags
23%
11 Middle Tennessee Blue Raiders
23%
14 Rice Owls
23%
13 Portland Pilots
18%
13 UC Irvine Anteaters
18%
14 Eastern Washington Eagles
14%
14 Jackson State Tigers
14%
13 Marshall Thundering Herd
14%
15 Norfolk State Spartans
14%
16 Presbyterian Blue Hose
14%
15 California Baptist Lancers
9%
14 Chattanooga Mocs
9%
16 Drexel Dragons
9%
11 Green Bay Phoenix
9%
16 Texas A&M Corpus Christi Islanders
5%
No matching quizzes found
Score Distribution
Percent of People with Each Score
Percentile by Number Answered
Your Score History
You have not taken this quiz